Гибель дракона: пер. с яп.
| Autor principal: | |
|---|---|
| Idioma: | rus |
| Publicat: |
Нижний Новгород, Курьер, 1991
|
| Matèries: | |
| Format: | MixedMaterials Llibre |
| KOHA link: | https://koha.lib.tpu.ru/cgi-bin/koha/opac-detail.pl?biblionumber=114926 |
MARC
| LEADER | 00000nam0a2200000 4500 | ||
|---|---|---|---|
| 001 | 114926 | ||
| 005 | 20231031122414.0 | ||
| 010 | |a 5774700097 | ||
| 035 | |a (RuTPU)RU\TPU\book\124285 | ||
| 090 | |a 114926 | ||
| 100 | |a 20070428d1991 m y0rusy50 ca | ||
| 101 | 1 | |a rus |c jap | |
| 102 | |a RU | ||
| 105 | |a a z 000ay | ||
| 200 | 1 | |a Гибель дракона |e пер. с яп. |f С. Комацу | |
| 210 | |a Нижний Новгород |c Курьер |d 1991 | ||
| 215 | |a 399 с. |c ил. | ||
| 610 | 1 | |a японская литература | |
| 675 | |a 895.6/89 |v 3 | ||
| 700 | 1 | |a Комацу |b С. |g Сакё | |
| 801 | 1 | |a RU |b 63413507 |c 20070428 |g PSBO | |
| 942 | |c BK | ||